01322nam a2200349 i 4500001000700000003000700007005001700014007000300031008004100034017004900075020001800124040003100142080001800173100003800191245015100229246002900380250002500409264006200434300002800496336002200524337003000546338002400576490003000600500001300630546004300643655001200686700003900698700003900737740003900776830003000815852012700845192714SpMaBN20250825112757.0ta230516s2022 sp | |||| 000 f eng  aM 6600-2022bOficina Depósito Legal Madrid a9788412427202 aSpMaBNbspacES-MaACLerda a821.111-4"19"1 aWoolf, Virginia, d1882-1941eaut12aA room of one's own =bUn cuarto para ella sola : (1928-29) /cVirginia Woolf ; introducción y traducción de Andrés Arenas y Enrique Girón31aUn cuarto para ella sola aEdición bilingüe 1aSan Lorenzo de El Escorial :bCuadernos de Langre,c2022. a319 páginas :c20 cm. aTexto2rdacontent asin mediación2rdamedia avolumen2rdacarrier1 aBilingües de base ;v20 aÍndice aTexto paralelo en inglés y español 0aEnsayos1 aArenas Gómez, Andréseauietrl1 aGirón Irueste, Enriqueeauietrl32aUn cuarto para ella sola (1928-29) aBilingües de base ;v20 aES-MaACLbR.153467cDEPOJgDedicatoria autógrafa de Enrique Girón IruestehDonación: Enrique Girón IruestejN-8351